| 000 | 01083nam a2200265 i 4500 | ||
|---|---|---|---|
| 001 | 180230 | ||
| 003 | ES-MaACL | ||
| 005 | 20250928125546.0 | ||
| 008 | 120521s1994 sp |||| | spa d | ||
| 020 | _a84-7506-405-1(V.9) | ||
| 080 | _a821.134.2-2"15" | ||
| 100 | 1 |
_aVega, Lope de, _d1562-1635 _9113563 |
|
| 245 | 1 | 0 |
_aComedias. _nIX / _cLope de Vega ; [edición y prólogo de Jesús Gómez y Paloma Cuenca]. |
| 260 |
_aMadrid : _bTurner, _c1994. |
||
| 300 |
_aXIV, 938 p. ; _c22 cm. |
||
| 490 | 1 | _aBiblioteca Castro | |
| 490 | 1 |
_aObras completas de Lope de Vega ; _v9 |
|
| 505 | 8 | _aContiene: El sol parado. El testimonio vengado. El honrado hermano. Adonis y Venus. Los bandos de Sena. El desposorio encubierto. La pobrez estimada. La reina Juana de Nápoles. Arauco domado. Las Batuecas del duque de Alba. | |
| 700 | 0 |
_aGómez, Jesús. _957769 |
|
| 700 | 1 |
_aCuenca Muñoz, Paloma, _d1966- _9150048 |
|
| 830 | 0 |
_aBiblioteca Castro _9178957 |
|
| 830 | 0 | 0 |
_aObras completas de Lope de Vega _v9 _9191211 |
| 852 |
_aES-MaACL _jL-29843 |
||
| 999 |
_c180230 _d180230 |
||